Chansons de K-pop contenant le mot "Love" - Statistiques

Statistiques générales
  • Ce quiz a été pris 211 fois
  • Le résultat moyen est 8 sur 19
Statistiques - réponses
Hint Réponse % Correct
Kill This Love BLACKPINK
91%
Lovesick Girls BLACKPINK
83%
Fake Love BTS
83%
What is Love? TWICE
75%
Love Shot EXO
73%
Love to Hate Me
BLACKPINK
61%
Hard to Love BLACKPINK
50%
Trivia 承 : Love BTS
44%
Sorry, I Love You Stray Kids
43%
Love Maze BTS
36%
90's Love NCT U
29%
CRAZY STUPID LOVE TWICE
25%
I LOVE YOU TREASURE
24%
Time of Love ATEEZ
21%
Love on the Floor NCT 127
20%
LOVE FOOLISH TWICE
19%
Love Me Now NCT 127
15%
Love Song NCT 127
14%
Love is a Beauty NCT 127
8%
Aucun quiz correspondant
Distribution des résultats
% des personnes avec chaque résultat
Percentile par nombre de réponses
Votre historique - résultats
Vous n’avez pas pris ce quiz